[Event "St Petersburg zt"]
[Site "St Petersburg"]
[Date "1993.??.??"]
[Round "7"]
[White "Kharlov, Andrei"]
[Black "Shcherbakov, Ruslan"]
[Result "1/2-1/2"]
[WhiteElo "2580"]
[BlackElo "2570"]
[PlyCount "89"]
[EventDate "1993.01.??"]
[EventType "swiss"]
[EventRounds "9"]
[EventCountry "RUS"]
[SourceTitle "CBM 034"]
[Source "ChessBase"]
[SourceDate "1993.06.01"]
[SourceVersion "1"]
[SourceVersionDate "1993.06.01"]
[SourceQuality "1"]

1. c4 e6 2. d4 d5 3. Nf3 Nf6 4. Bg5 c6 5. e3 Qa5+ 6. Nbd2 Ne4 7. Bf4 Nd7 8. a3
Nxd2 9. Nxd2 dxc4 10. Bxc4 Be7 11. b4 Qd8 12. O-O O-O 13. Qb3 Nb6 14. Bd3 Nd5
15. Be5 Bd6 16. Nc4 Bc7 17. a4 Nb6 18. Bxc7 Qxc7 19. Ne5 Nd5 20. a5 Bd7 21.
Rfc1 a6 22. e4 Nf6 23. Nc4 Rad8 24. e5 Nd5 25. Qb1 h6 26. Ra3 f5 27. exf6 Rxf6
28. Ne5 Be8 29. Bc4 Qe7 30. g3 Bh5 31. Rb3 Rdf8 32. Rf1 g5 33. f3 Qg7 34. Bxd5
exd5 35. Re3 Bg6 36. Qc1 Bf5 37. Qc5 h5 38. b5 axb5 39. a6 bxa6 40. Nxc6 Be4
41. Ne7+ Kh7 42. Nxd5 Rxf3 43. Rfxf3 Bxf3 44. Nc7 Qg6 45. Qxf8 1/2-1/2

[Event "St Petersburg zt"]
[Site "St Petersburg"]
[Date "1993.??.??"]
[Round "8"]
[White "Kharlov, Andrei"]
[Black "Yakovich, Yuri"]
[Result "1/2-1/2"]
[WhiteElo "2580"]
[BlackElo "2510"]
[PlyCount "104"]
[EventDate "1993.01.??"]
[EventType "swiss"]
[EventRounds "9"]
[EventCountry "RUS"]
[SourceTitle "CBM 034"]
[Source "ChessBase"]
[SourceDate "1993.06.01"]
[SourceVersion "1"]
[SourceVersionDate "1993.06.01"]
[SourceQuality "1"]

1. d4 Nf6 2. c4 e6 3. Nc3 Bb4 4. Qc2 O-O 5. a3 Bxc3+ 6. Qxc3 b6 7. Bg5 c5 8.
Nf3 Bb7 9. dxc5 bxc5 10. e3 a5 11. Bd3 h6 12. Bh4 d6 13. Nd2 Nbd7 14. Rg1 d5
15. g4 Ne4 16. Bxd8 Nxc3 17. Bh4 Ne5 18. bxc3 Nxd3+ 19. Ke2 Ne5 20. Bg3 Nxc4
21. Nxc4 Ba6 22. Rab1 Bxc4+ 23. Kd2 a4 24. Bd6 Rfc8 25. Rb6 Ra6 26. Rgb1 Rc6
27. Rxc6 Rxc6 28. Rb8+ Kh7 29. Bf8 e5 30. Rb7 Kg8 31. Rb8 Kh7 32. Rb7 d4 33.
Ra7 Rf6 34. exd4 Rxf2+ 35. Ke3 Re2+ 36. Kf3 cxd4 37. cxd4 e4+ 38. Kg3 Bb3 39.
Bb4 Rc2 40. Ra5 Re2 41. h4 Bc2 42. d5 Re3+ 43. Kf4 Rf3+ 44. Ke5 f6+ 45. Ke6 e3
46. Kf7 Rf4 47. Ra7 e2 48. Kf8 Rxg4 49. d6 Bf5 50. h5 Rxb4 51. Rxg7+ Kh8 52.
axb4 e1=Q 1/2-1/2

[Event "St Petersburg zt"]
[Site "St Petersburg"]
[Date "1993.??.??"]
[Round "9"]
[White "Tseshkovsky, Vitaly"]
[Black "Kharlov, Andrei"]
[Result "1/2-1/2"]
[WhiteElo "2540"]
[BlackElo "2580"]
[PlyCount "81"]
[EventDate "1993.01.??"]
[EventType "swiss"]
[EventRounds "9"]
[EventCountry "RUS"]
[SourceTitle "CBM 034"]
[Source "ChessBase"]
[SourceDate "1993.06.01"]
[SourceVersion "1"]
[SourceVersionDate "1993.06.01"]
[SourceQuality "1"]

1. e4 c5 2. Nf3 Nc6 3. d4 cxd4 4. Nxd4 e5 5. Nb5 d6 6. c4 Be7 7. Bd3 Nf6 8.
N1c3 a6 9. Na3 Bg4 10. f3 Be6 11. Nc2 O-O 12. Be3 Nh5 13. g3 Bg5 14. Qd2 Bxe3
15. Qxe3 Rc8 16. Nd5 f5 17. exf5 Bxd5 18. cxd5 Ne7 19. O-O-O Nxd5 20. Qd2 Ne7
21. Be4 d5 22. Bxd5+ Qxd5 23. Qxd5+ Nxd5 24. Rxd5 Rxf5 25. f4 Nf6 26. Rxe5 Rxe5
27. fxe5 Ng4 28. e6 Kf8 29. Kb1 Rd8 30. h3 Nf2 31. Rf1 Rd1+ 32. Rxd1 Nxd1 33.
Nd4 Nf2 34. h4 g6 35. Kc2 Ke7 36. b4 h6 37. a4 Ne4 38. g4 Nf6 39. Nb3 b6 40. a5
bxa5 41. bxa5 1/2-1/2

[Event "Metz op 11th"]
[Site "Metz"]
[Date "1993.??.??"]
[Round "?"]
[White "Haik, Aldo"]
[Black "Kharlov, Andrei"]
[Result "1-0"]
[WhiteElo "2410"]
[BlackElo "2580"]
[PlyCount "55"]
[EventDate "1993.04.??"]
[EventType "swiss"]
[EventRounds "9"]
[EventCountry "FRA"]
[SourceTitle "EXT 2004"]
[Source "ChessBase"]
[SourceDate "2003.11.25"]
[SourceVersion "1"]
[SourceVersionDate "2003.11.25"]
[SourceQuality "1"]

1. d4 d5 2. c4 e6 3. Nc3 c6 4. Nf3 dxc4 5. g3 b5 6. Bg2 Bb7 7. O-O Nd7 8. e4
Ngf6 9. e5 Nd5 10. Ng5 N7b6 11. Qh5 g6 12. Qf3 Qd7 13. a4 Nxc3 14. bxc3 Nd5 15.
Ne4 a5 16. axb5 Be7 17. bxc6 Bxc6 18. Bh6 a4 19. Rfb1 a3 20. Qe2 f5 21. exf6
Nxf6 22. Rxa3 Rxa3 23. Rb8+ Qd8 24. Rxd8+ Kxd8 25. Nxf6 Bxg2 26. Kxg2 Bxf6 27.
Qxe6 Be7 28. d5 1-0

[Event "Metz op 11th"]
[Site "Metz"]
[Date "1993.??.??"]
[Round "?"]
[White "Kharlov, Andrei"]
[Black "Istratescu, Andrei"]
[Result "1/2-1/2"]
[WhiteElo "2580"]
[BlackElo "2470"]
[PlyCount "97"]
[EventDate "1993.04.??"]
[EventType "swiss"]
[EventRounds "9"]
[EventCountry "FRA"]
[SourceTitle "EXT 2004"]
[Source "ChessBase"]
[SourceDate "2003.11.25"]
[SourceVersion "1"]
[SourceVersionDate "2003.11.25"]
[SourceQuality "1"]

1. e4 c5 2. c3 d5 3. exd5 Qxd5 4. d4 Nf6 5. Nf3 e6 6. Be2 Nc6 7. O-O Be7 8. c4
Qd8 9. dxc5 Qxd1 10. Rxd1 Bxc5 11. Nc3 O-O 12. Bf4 b6 13. a3 Bb7 14. b4 Be7 15.
Nb5 Rad8 16. Bc7 Rxd1+ 17. Rxd1 Rc8 18. Bd6 Kf8 19. Bxe7+ Kxe7 20. Nd6 Rb8 21.
b5 Nd8 22. Ne5 Bd5 23. Nf5+ exf5 24. cxd5 Kd6 25. Nc4+ Kc5 26. d6 Kxb5 27.
Nxb6+ Kc5 28. Nc8 a5 29. Rc1+ Kd4 30. Rc4+ Kd5 31. Ne7+ Ke6 32. g3 g6 33. Rd4
Rb6 34. Bc4+ Kd7 35. Nd5 Nxd5 36. Rxd5 Nb7 37. Rd1 Rxd6 38. Rb1 Nc5 39. Bxf7
Ne4 40. Bg8 Nf6 41. Bxh7 Nxh7 42. Rb7+ Ke6 43. Rxh7 Rd1+ 44. Kg2 Ra1 45. g4
fxg4 46. Kg3 Rxa3+ 47. Kxg4 Kf6 48. Ra7 Ra1 49. h4 1/2-1/2

[Event "Rostov on Don op"]
[Site "Rostov on Don"]
[Date "1993.??.??"]
[Round "?"]
[White "Kharlov, Andrei"]
[Black "Krasenkow, Michal"]
[Result "0-1"]
[WhiteElo "2570"]
[BlackElo "2560"]
[Annotator "Chekhov"]
[PlyCount "90"]
[EventDate "1993.05.??"]
[EventType "swiss"]
[EventRounds "9"]
[EventCountry "RUS"]
[SourceTitle "CBM 036"]
[Source "ChessBase"]
[SourceDate "1993.10.01"]
[SourceVersion "1"]
[SourceVersionDate "1993.10.01"]
[SourceQuality "1"]

1. e4 e5 2. Nf3 Nc6 3. Bb5 a6 4. Ba4 Nf6 5. O-O Nxe4 6. d4 b5 7. Bb3 d5 8. dxe5
Be6 9. Be3 Be7 10. c3 Qd7 (10... Nc5 $5 11. Bc2 Nd7 12. Re1 Ndxe5 13. Nxe5 Nxe5
14. f4 (14. Bd4 Ng6 15. Bxg7 Rg8 16. Bxg6 Rxg7 17. Rxe6 hxg6 18. Re2 Rh7 $132)
14... Nc4 15. Bd4 Kf8 16. f5 Bd7 17. b3 Nd6 18. Qf3 $44 {Novik,M-Sokolin,L
SSSR 1991 Inf 52/338/}) 11. Nbd2 Rd8 12. Re1 (12. Nxe4 $6 dxe4 13. Qxd7+ Bxd7
14. e6 Bxe6 15. Ng5 Bxb3 16. axb3 Bxg5 17. Bxg5 Rd5 18. Bf4 Kd7 19. Rxa6 Re8
20. Rc1 $1 $10 {Dvoirys,S-Krasenkov,M Katowice 1992 Inf 54/324/}) 12... O-O 13.
Bc2 Nxd2 (13... Bf5 $6 14. Nxe4 Bxe4 15. Bxe4 dxe4 16. Qxd7 Rxd7 17. e6 $1 fxe6
18. Nd2 Ne5 19. Nxe4 Nd3 20. Re2 $14 {Dolmatov,S-Yusupov,A Wijk aan Zee 1991/})
(13... f5 $5 14. exf6 Nxf6 15. Qb1 h6 16. Nh4 Ne5 17. Nb3 Nfg4 18. Nc5 Qc8 19.
Nxe6 Qxe6 20. Bh7+ Kh8 {Georgiev,Kir-Ivanchuk,V Manila ol 1992 Inf 55/337/} 21.
Bg5 $1 $132) 14. Qxd2 Bf5 15. Bxf5 $5 $146 (15. Rad1 Rfe8 16. h3 Qe6 (16... h6
$6 17. Bf4 Bf8 18. Bg3 Bxc2 19. Qxc2 Qe6 {Dolmatov,S-Yusupov,A Wijk aan Zee
1991 Inf 51/336/} 20. Bh4 $1 Rd7 21. Nd4 Nxd4 22. cxd4 $16) 17. Bg5 Bxc2 18.
Qxc2 Qg6 $1 19. Qxg6 hxg6 20. Bf4 Bc5 $10 {Dolmatov,S-Yusupov,A Wijk aan Zee
1991 Inf 51/337 17...Bf4!?/}) 15... Qxf5 16. Nd4 Nxd4 17. cxd4 c5 $1 18. dxc5
d4 19. Bf4 Bxc5 20. Rac1 Rc8 (20... Bb6 21. Rc6) 21. h3 (21. Bg3 $5) 21... Bb6
$10 22. Bg3 h6 23. Qb4 $6 (23. Kh2 $5 {/\f4/} d3) 23... d3 24. Rxc8 Rxc8 25.
Qd6 $6 (25. Rd1 $5) 25... Ba5 26. b4 (26. Rd1 d2 27. b4 Rd8) 26... Rd8 27. Qc5
d2 28. Rd1 Qe4 $19 29. bxa5 Qe1+ 30. Rxe1 dxe1=Q+ 31. Kh2 g5 (31... Qxa5 $5 32.
e6 fxe6 33. Bc7 Rc8 $19) 32. f4 Qe4 33. fxg5 Rd2 34. Bf2 Rc2 35. Qb6 Qxe5+ 36.
Bg3 Qd5 37. Qb8+ Kh7 38. g6+ Kg7 39. Be5+ f6 40. Bxf6+ Kxg6 41. Qe8+ Kxf6 42.
Qf8+ Kg6 43. Qe8+ Kg7 44. Qe7+ Qf7 45. Qe5+ Qf6 (45... Qf6 46. Qg3+ Kf7 47.
Qb3+ Rc4 $19) 0-1

[Event "Rostov on Don op"]
[Site "Rostov on Don"]
[Date "1993.??.??"]
[Round "?"]
[White "Kharlov, Andrei"]
[Black "Namgilov, Sogto"]
[Result "1-0"]
[WhiteElo "2580"]
[BlackElo "2440"]
[PlyCount "127"]
[EventDate "1993.05.??"]
[EventType "swiss"]
[EventRounds "9"]
[EventCountry "RUS"]
[SourceTitle "TD"]
[Source "ChessBase"]
[SourceDate "1994.03.01"]
[SourceVersion "1"]
[SourceVersionDate "1994.03.01"]
[SourceQuality "1"]

1. e4 c5 2. Nf3 d6 3. d4 cxd4 4. Nxd4 Nf6 5. Nc3 a6 6. Bc4 e6 7. Be3 b5 8. Bd3
Bb7 9. f3 Nbd7 10. O-O b4 11. Nce2 d5 12. exd5 Nxd5 13. Bf2 Bd6 14. Qd2 O-O 15.
Kh1 Qc7 16. Bg3 Ne5 17. Rac1 Nxd3 18. Qxd3 Bxg3 19. hxg3 Rfd8 20. Kh2 e5 21.
Nf5 g6 22. Nh4 Qb6 23. Qb3 Ne3 24. Rfe1 Bd5 25. c4 Nxc4 26. Rxc4 Qf2 27. Ra1
Qxe2 28. Rc2 Bxb3 29. Rxe2 Be6 30. Rxe5 Rd2 31. b3 a5 32. f4 Bd5 33. Rc1 Be6
34. f5 gxf5 35. Nxf5 Rxa2 36. Nd4 Ra6 37. Rc7 Rb2 38. Nxe6 Rxe6 39. Rf5 Rh6+
40. Kg1 Rb1+ 41. Kf2 Rb2+ 42. Kg1 Rxb3 43. Rfxf7 Rxg3 44. Rfd7 Rf6 45. Rb7 Rg4
46. Rxh7 a4 47. Ra7 b3 48. Rhb7 Rf8 49. Kh2 Rf6 50. Kh3 Rg5 51. Ra8+ Rf8 52.
Rxa4 Rf7 53. Rb8+ Kg7 54. Rxb3 Kg6 55. Rh4 Rf2 56. Rb6+ Rf6 57. Rxf6+ Kxf6 58.
Rf4+ Ke5 59. Rf8 Rg7 60. g4 Rh7+ 61. Kg3 Ke6 62. Kf4 Ke7 63. Rf5 Rg7 64. g5 1-0

[Event "Rostov on Don op"]
[Site "Rostov on Don"]
[Date "1993.??.??"]
[Round "?"]
[White "Kharlov, Andrei"]
[Black "Tseshkovsky, Vitaly"]
[Result "0-1"]
[WhiteElo "2580"]
[BlackElo "2540"]
[PlyCount "70"]
[EventDate "1993.05.??"]
[EventType "swiss"]
[EventRounds "9"]
[EventCountry "RUS"]
[SourceTitle "TD"]
[Source "ChessBase"]
[SourceDate "1994.03.01"]
[SourceVersion "1"]
[SourceVersionDate "1994.03.01"]
[SourceQuality "1"]

1. e4 e5 2. Nf3 Nc6 3. Bb5 a6 4. Ba4 Nf6 5. O-O Be7 6. Re1 b5 7. Bb3 d6 8. c3
O-O 9. d3 Na5 10. Bc2 c5 11. Nbd2 Re8 12. Nf1 Bb7 13. h3 h6 14. Ng3 Bf8 15. d4
Nc4 16. d5 Bc8 17. a4 Bd7 18. b3 Nb6 19. Be3 Qc7 20. Nd2 g6 21. Bd3 Bg7 22.
axb5 axb5 23. Qe2 Rab8 24. f3 Nbxd5 25. exd5 Nxd5 26. c4 Nxe3 27. Qxe3 e4 28.
Ndxe4 Bd4 29. Qxd4 cxd4 30. Nf6+ Kg7 31. Nxe8+ Rxe8 32. Rxe8 Bxe8 33. Ne2 bxc4
34. bxc4 Qe7 35. Kf1 Qe3 0-1

[Event "Rostov on Don op"]
[Site "Rostov on Don"]
[Date "1993.??.??"]
[Round "?"]
[White "Magerramov, Elmar"]
[Black "Kharlov, Andrei"]
[Result "0-1"]
[WhiteElo "2565"]
[BlackElo "2580"]
[PlyCount "50"]
[EventDate "1993.05.??"]
[EventType "swiss"]
[EventRounds "9"]
[EventCountry "RUS"]
[SourceTitle "TD"]
[Source "ChessBase"]
[SourceDate "1994.03.01"]
[SourceVersion "1"]
[SourceVersionDate "1994.03.01"]
[SourceQuality "1"]

1. d4 d5 2. c4 e6 3. Nf3 c6 4. e3 Nd7 5. Bd3 Bd6 6. Nc3 f5 7. Qc2 Nh6 8. cxd5
exd5 9. Bxf5 Nxf5 10. Qxf5 Ne5 11. Qc2 Nxf3+ 12. gxf3 O-O 13. Qe2 Qh4 14. h3
Bf5 15. f4 Rae8 16. Bd2 Bc2 17. Qg4 Qxg4 18. hxg4 Rxf4 19. Rg1 Rxd4 20. Rc1 Bg6
21. Kd1 Rd3 22. Ne2 d4 23. Nf4 Bxf4 24. exf4 Bf7 25. b3 Rxb3 0-1

[Event "Rostov on Don op"]
[Site "Rostov on Don"]
[Date "1993.??.??"]
[Round "?"]
[White "Stripunsky, Alexander"]
[Black "Kharlov, Andrei"]
[Result "1/2-1/2"]
[WhiteElo "2470"]
[BlackElo "2570"]
[Annotator "Chekhov"]
[PlyCount "101"]
[EventDate "1993.05.??"]
[EventType "swiss"]
[EventRounds "9"]
[EventCountry "RUS"]
[SourceTitle "CBM 036"]
[Source "ChessBase"]
[SourceDate "1993.10.01"]
[SourceVersion "1"]
[SourceVersionDate "1993.10.01"]
[SourceQuality "1"]

1. e4 c5 2. Nf3 Nc6 3. Nc3 e6 4. d4 cxd4 5. Nxd4 Nf6 6. Ndb5 d6 7. Bf4 e5 8.
Bg5 a6 9. Na3 b5 10. Nd5 Be7 11. Bxf6 Bxf6 12. c3 O-O (12... Bb7 $5 13. Nc2 Nb8
14. a4 (14. Nce3 Nd7 15. Nf5 O-O $1 16. Nxd6 Bxd5 17. Qxd5 Nb6 18. Qd3 g6 $1
$44) 14... bxa4 15. Nce3 Nd7 16. Qxa4 O-O 17. Rd1 Bg5 18. Qc2 Nc5 $132 {
Zapata,A-Shirov,A Manila ol 1992/}) 13. Nc2 Nb8 $5 $146 (13... Rb8 $5) (13...
Bb7 14. Be2 Bg5 15. O-O Nb8 16. Bg4 Ra7 17. Qd3 Nd7 18. Bxd7 Qxd7 19. Rad1 {
Novik,M-Chekhov,V Leningrad 1991/} g6 $5 {/\Kh8,f5/}) 14. Nxf6+ $1 Qxf6 15. g3
Bb7 16. Bg2 Nd7 17. O-O Nc5 18. Qe2 $14 Rad8 (18... a5 $5 19. Rad1 (19. Qxb5
Ba6) 19... Bc6 {/\Rfd8,Rac8/}) 19. Rad1 Qe6 20. Nb4 Qc4 21. Qe1 $1 (21. Qxc4 $6
bxc4 22. Rfe1 a5 23. Nd5 Nd3) 21... g6 (21... f5 $5) 22. b3 Qe6 23. Qe3 Qg4 $6
(23... Kg7 $5 24. Nd5 f5) 24. Nd5 Kg7 25. f4 $1 exf4 26. Qd4+ (26. Rxf4 Qe6 27.
Qd4+ Qe5) 26... f6 27. Nxf4 (27. Rxf4 Qg5 28. Rdf1 Bxd5) 27... Rde8 28. Qxd6
Nxe4 29. Qb6 Rf7 30. Rd8 (30. Bh3 Qg5 31. Ne6+ Rxe6 $19) 30... Rxd8 (30... Ree7
$5) 31. Ne6+ Qxe6 $8 32. Qxe6 Rd6 33. Qe8 Nxc3 $5 (33... Rf8 34. Qe7+ Rf7 35.
Qe8 Rf8 $10) 34. Bxb7 Rxb7 35. Re1 (35. Qc8 Ne2+ 36. Kf2 Re7) 35... Rdd7 36.
Qc8 Rdc7 37. Qa8 Ra7 38. Qf3 b4 (38... Nxa2 39. Re6 Rf7 40. Qf2 Nb4 41. Rxf6)
39. Qf2 Rf7 40. Re6 Rad7 (40... Nd5 41. Rd6) 41. Rxa6 Rd1+ 42. Kg2 Ne4 43. Qe3
Rd2+ 44. Kf1 f5 45. Ra7 Rxa7 46. Qxa7+ Kh6 47. a4 $6 (47. Qe3+ Kg7 (47... g5
48. h4) 48. g4 $16) 47... Rd3 $1 48. a5 Rxb3 49. Qb8 Rb1+ 50. Ke2 b3 51. a6 (
51. a6 b2 52. a7 Ra1 53. Qxb2 Rxa7 $10) 1/2-1/2

[Event "Rostov on Don op"]
[Site "Rostov on Don"]
[Date "1993.??.??"]
[Round "?"]
[White "Svidler, Peter"]
[Black "Kharlov, Andrei"]
[Result "1-0"]
[WhiteElo "2490"]
[BlackElo "2580"]
[PlyCount "103"]
[EventDate "1993.05.??"]
[EventType "swiss"]
[EventRounds "9"]
[EventCountry "RUS"]
[SourceTitle "TD"]
[Source "ChessBase"]
[SourceDate "1994.03.01"]
[SourceVersion "1"]
[SourceVersionDate "1994.03.01"]
[SourceQuality "1"]

1. e4 c5 2. Nf3 Nc6 3. Bb5 d6 4. d4 cxd4 5. Qxd4 e5 6. Qd3 Be7 7. Nc3 Nf6 8.
Bg5 a6 9. Ba4 Bg4 10. Rd1 b5 11. Bb3 Bxf3 12. Qxf3 Nd4 13. Qd3 Nd7 14. Be3 Nc5
15. Qd2 Ndxb3 16. axb3 O-O 17. Bxc5 dxc5 18. Qe2 Qc8 19. O-O c4 20. Nd5 Ra7 21.
bxc4 Qxc4 22. Qxc4 bxc4 23. Ra1 Rb8 24. Rfb1 Bf8 25. Kf1 f6 26. Ke2 a5 27. Ra4
Rab7 28. Rxa5 Rxb2 29. Rxb2 Rxb2 30. Ne3 h5 31. Ra8 g6 32. Rc8 Rb5 33. Rxc4 Bc5
34. Nd5 Kf7 35. Nc3 Ra5 36. Ra4 Rxa4 37. Nxa4 Ba7 38. f3 f5 39. Nb2 fxe4 40.
fxe4 Bd4 41. Nd3 Bc3 42. Nc1 Kf6 43. Kd3 Ba5 44. Kc4 Ke6 45. Nd3 Kd6 46. Nb4
Bb6 47. Kb5 Bg1 48. h3 Bd4 49. c4 Bg1 50. Nd3 Bd4 51. c5+ Kd7 52. Kb6 1-0

[Event "Rostov on Don op"]
[Site "Rostov on Don"]
[Date "1993.??.??"]
[Round "?"]
[White "Zvjaginsev, Vadim"]
[Black "Kharlov, Andrei"]
[Result "0-1"]
[WhiteElo "2445"]
[BlackElo "2570"]
[Annotator "Belov"]
[PlyCount "72"]
[EventDate "1993.05.??"]
[EventType "swiss"]
[EventRounds "9"]
[EventCountry "RUS"]
[SourceTitle "CBM 036"]
[Source "ChessBase"]
[SourceDate "1993.10.01"]
[SourceVersion "1"]
[SourceVersionDate "1993.10.01"]
[SourceQuality "1"]

1. Nf3 d6 2. d4 Bg4 3. c4 Bxf3 4. gxf3 c6 (4... Nd7 5. Nc3 g6 6. f4 (6. b3 Bg7
7. Bb2 Ngf6 8. e3 O-O 9. f4 e5 $1 10. fxe5 dxe5 11. Bg2 exd4 12. Qxd4 c6 $1 $10
{Vladimirov,E-Rivas Pastor,M Salamanca 1991 Inf 51/55/}) 6... Bg7 7. Qd2 {
San Segundo,P-Epishin,V Madrid 1992 Inf 55/66/} Nh6 $1 8. b3 Nf5 9. e3 e5 10.
fxe5 dxe5 11. d5 O-O $13 {Epishin/}) 5. f4 (5. h4 $5 Nf6 6. h5 Nbd7 7. Nc3 e5
8. e3 (8. d5 $5) 8... Be7 9. Bd3 exd4 10. exd4 d5 11. cxd5 Nxd5 12. Nxd5 cxd5
$10 {Lobron,E-Rivas Pastor,M Debrecen 1992 Inf 56/59/}) (5. Nc3 g6 6. e3 (6.
Bg5 Bg7 7. e3 Nd7 8. Be2 Qa5 9. Rg1 c5 $13 {Piket,J-Georgiev,Kir Wijk aan Zee
1988/}) 6... e5 7. dxe5 dxe5 8. Qxd8+ Kxd8 9. a3 Nd7 10. b4 {Drasko,M-Popchev,
M Chachak 1991 Inf 51/56/} a5 11. Rb1 axb4 12. axb4 f5 13. e4 Bh6 14. Bb2 Kc7
15. c5 $13 {Drasko/}) 5... g6 6. Bg2 Bg7 7. d5 $6 (7. O-O $5 Qb6 (7... Nf6 8.
e4 $1) 8. e3 Nh6 9. Nc3 Nf5 10. b3 O-O 11. Bb2 $14) 7... cxd5 8. cxd5 Nf6 9.
O-O O-O 10. Nd2 $142 $6 (10. Nc3 Nbd7 (10... Na6 11. Bd2 Nc5 12. b4) 11. Bd2
Nb6 12. b3 Rc8 $10) (10. Qb3 $6 Nbd7 11. Qxb7 Nc5 12. Qb4 Rb8 13. Qc4 Qa5 {
/\14...Rfc8~/=/}) 10... Na6 $1 11. Rb1 (11. Nc4 b5 12. Ne3 Nc5 $15) 11... Qd7
12. b4 Rfc8 13. Bb2 Qg4 $1 14. e3 Qxd1 15. Rfxd1 Rc2 $15 16. a3 Ng4 (16... Rac8
17. Bd4 (17. Nb3 Ng4 18. Bxg7 Kxg7 19. Nd4 $5 Rxf2 20. Bh3 $18) 17... b6 18. a4
$13) 17. Bxg7 Kxg7 18. Bf3 Nf6 19. Nb3 Rac8 20. Nd4 Ra2 21. Ra1 Rxa1 22. Rxa1
Nb8 23. b5 $6 (23. Kf1 $5) 23... Rc3 24. a4 a5 $1 $17 25. b6 Nbd7 26. Rb1 Rc4
27. Nc6 $5 Rxa4 $1 (27... bxc6 28. dxc6 Nxb6 29. Rxb6 e6 30. Ra6 d5 31. Rxa5
Rxc6 $13) 28. Rb5 (28. Nxe7 Rb4 $17) 28... Ra1+ 29. Kg2 a4 30. Nxe7 a3 $19 31.
e4 a2 32. Ra5 Kf8 33. Nc6 (33. Nc8 Rc1 34. Rxa2 Rxc8 $19) 33... bxc6 34. dxc6
Nxb6 35. e5 dxe5 36. fxe5 Nfd5 0-1

[Event "Politiken Cup 15th"]
[Site "Copenhagen"]
[Date "1993.??.??"]
[Round "1"]
[White "Pedersen, Bjarne"]
[Black "Kharlov, Andrei"]
[Result "0-1"]
[WhiteElo "2230"]
[BlackElo "2580"]
[PlyCount "102"]
[EventDate "1993.06.??"]
[EventType "swiss"]
[EventRounds "10"]
[EventCountry "DEN"]
[SourceTitle "EXT 1999"]
[Source "ChessBase"]
[SourceDate "1998.11.10"]
[SourceVersion "1"]
[SourceVersionDate "1998.11.10"]
[SourceQuality "1"]

1. d4 d5 2. c4 e6 3. Nc3 c6 4. cxd5 exd5 5. Bf4 Nf6 6. e3 Bf5 7. Bd3 Bxd3 8.
Qxd3 Nbd7 9. h3 Be7 10. Nf3 O-O 11. O-O Re8 12. Rab1 Bf8 13. Ne5 Re6 14. b4 a6
15. Na4 Nxe5 16. Bxe5 Nd7 17. Bg3 b6 18. Rfc1 Rg6 19. Qf5 b5 20. Nc5 Nb6 21.
Nd3 Nc4 22. Ne5 Rf6 23. Qh5 Qe8 24. Qe2 Re6 25. Nxc4 dxc4 26. a4 Qd7 27. Qc2
Qd5 28. Rd1 Rae8 29. Be5 f6 30. Bf4 f5 31. Be5 Rg6 32. f4 a5 33. axb5 cxb5 34.
bxa5 b4 35. Rdc1 Rc8 36. g4 Qf3 37. Qxf5 Qxh3 38. Qxc8 Rxg4+ 39. Qxg4 Qxg4+ 40.
Kf2 Be7 41. Rh1 c3 42. a6 Bh4+ 43. Rxh4 Qxh4+ 44. Kf3 Qh3+ 45. Kf2 Qh2+ 46. Kf3
Qa2 47. Rxb4 Qxa6 48. Rb8+ Kf7 49. d5 c2 50. Bb2 Qf1+ 51. Ke4 Qc4+ 0-1

[Event "Politiken Cup 15th"]
[Site "Copenhagen"]
[Date "1993.??.??"]
[Round "2"]
[White "Kharlov, Andrei"]
[Black "Schandorff, Lars"]
[Result "1-0"]
[WhiteElo "2580"]
[BlackElo "2420"]
[PlyCount "83"]
[EventDate "1993.06.??"]
[EventType "swiss"]
[EventRounds "10"]
[EventCountry "DEN"]
[SourceTitle "EXT 1999"]
[Source "ChessBase"]
[SourceDate "1998.11.10"]
[SourceVersion "1"]
[SourceVersionDate "1998.11.10"]
[SourceQuality "1"]

1. Nf3 d6 2. d4 Nf6 3. Bg5 Nbd7 4. e3 h6 5. Bxf6 Nxf6 6. Nc3 c6 7. Qd2 Qc7 8.
Rd1 Bd7 9. Bd3 e5 10. Nh4 d5 11. dxe5 Qxe5 12. Nf3 Qc7 13. O-O O-O-O 14. Ne2
Ne4 15. Qc1 Ng5 16. Nd2 Bd6 17. Kh1 Rhe8 18. c4 dxc4 19. Nxc4 Bf8 20. Qc2 Kb8
21. a3 h5 22. f4 Ne6 23. b4 Bc8 24. Ng1 g5 25. f5 Ng7 26. e4 b6 27. e5 Bb7 28.
Be4 Rxd1 29. Rxd1 Rd8 30. Nf3 Rxd1+ 31. Qxd1 g4 32. Nd4 a6 33. f6 Ne8 34. Nf5
Bc8 35. h4 Be6 36. Nfe3 Kb7 37. Qd4 Ka7 38. Qd3 Bh6 39. Nf5 Bf4 40. Ne7 Bd7 41.
g3 Bh6 42. Qd4 1-0

[Event "Politiken Cup 15th"]
[Site "Copenhagen"]
[Date "1993.??.??"]
[Round "3"]
[White "Mortensen, Erling"]
[Black "Kharlov, Andrei"]
[Result "1-0"]
[WhiteElo "2450"]
[BlackElo "2580"]
[PlyCount "111"]
[EventDate "1993.06.??"]
[EventType "swiss"]
[EventRounds "10"]
[EventCountry "DEN"]
[SourceTitle "EXT 1999"]
[Source "ChessBase"]
[SourceDate "1998.11.10"]
[SourceVersion "1"]
[SourceVersionDate "1998.11.10"]
[SourceQuality "1"]

1. e4 c5 2. Nf3 Nc6 3. d4 cxd4 4. Nxd4 Nf6 5. Nc3 e5 6. Ndb5 d6 7. Bg5 a6 8.
Na3 b5 9. Nd5 Be7 10. Bxf6 Bxf6 11. c3 O-O 12. Nc2 Bb7 13. Qg4 Bg5 14. Rd1 Bc8
15. Qe2 f5 16. h4 Bh6 17. exf5 Bxf5 18. g4 Bxc2 19. Qxc2 g6 20. g5 Bg7 21. Qe4
Kh8 22. Qg2 e4 23. Be2 Ne7 24. h5 Rf5 25. hxg6 Rxd5 26. Rxd5 Nxd5 27. Qxe4 Nc7
28. Qh4 Qg8 29. f4 Rf8 30. Bd3 Re8+ 31. Kd2 b4 32. Qxh7+ Qxh7 33. Rxh7+ Kg8 34.
f5 bxc3+ 35. bxc3 Re5 36. f6 Ne8 37. f7+ Kf8 38. fxe8=Q+ Rxe8 39. Rh3 Re5 40.
Rf3+ Kg8 41. Bc4+ d5 42. Bxa6 Rxg5 43. Bb7 Bf8 44. a4 Bc5 45. Rf6 Kg7 46. Rc6
d4 47. cxd4 Bxd4 48. Rc4 Bg1 49. Be4 Kf6 50. Kc3 Bf2 51. Rc8 Ke5 52. Re8+ Kd6
53. Kd3 Kc5 54. Rb8 Rg3+ 55. Ke2 Bd4 56. Rb5+ 1-0

[Event "Politiken Cup 15th"]
[Site "Copenhagen"]
[Date "1993.??.??"]
[Round "5"]
[White "Rytshagov, Mikhail"]
[Black "Kharlov, Andrei"]
[Result "1/2-1/2"]
[WhiteElo "2435"]
[BlackElo "2580"]
[PlyCount "91"]
[EventDate "1993.06.??"]
[EventType "swiss"]
[EventRounds "10"]
[EventCountry "DEN"]
[SourceTitle "EXT 1999"]
[Source "ChessBase"]
[SourceDate "1998.11.10"]
[SourceVersion "1"]
[SourceVersionDate "1998.11.10"]
[SourceQuality "1"]

1. e4 c5 2. Nf3 Nc6 3. Nc3 d6 4. d4 cxd4 5. Nxd4 Nf6 6. Bg5 e6 7. Qd2 Be7 8.
O-O-O O-O 9. f4 Nxd4 10. Qxd4 Qa5 11. Kb1 h6 12. Bh4 e5 13. Qf2 exf4 14. Nd5
Nxd5 15. Rxd5 Bxh4 16. Qxh4 Qb4 17. Qxf4 Qe1+ 18. Qc1 Qxe4 19. Rxd6 Be6 20. Qd2
Rac8 21. Bd3 Qe5 22. g3 Kh8 23. Qf4 Qxf4 24. gxf4 Rfd8 25. Rxd8+ Rxd8 26. Re1
g6 27. b3 Kg7 28. Kb2 Kf6 29. h4 Rd5 30. Kc3 Bf5 31. Bc4 Rd7 32. a4 Re7 33.
Rxe7 Kxe7 34. a5 f6 35. Bd5 b6 36. axb6 axb6 37. b4 Kd6 38. Bb3 Kc6 39. Kd4 Kb5
40. c3 g5 41. fxg5 fxg5 42. hxg5 hxg5 43. Bc4+ Ka4 44. Ke5 Bc2 45. Be6 Bb3 46.
Bd7+ 1/2-1/2